Представление документа в формате RUSMARC

ПолеНазваниеЗначение
  Тип записи a
  Библиографический уровень m
001 Контрольный номер RU/УОНБ/EK_KIBO/629313594
005 Дата корректировки 20240423152905.2
100 Данные общей обработки __
a Данные общей обработки 20240423g2002 e y0rusy0189||||ca
101 Язык документа 0_
a Язык текста rus
102 Страна публикации __
a Страна публикации RU
105 Кодированные данные (монография) __
a Кодированные данные (монография) a g 000yy
200 Заглавие и сведения об ответственности 1_
a Заглавие Энциклопедический справочник школьника
f Первые сведения об ответственности сост. К. Люцис
210 Выходные данные 1_
a Место издания Москва
c Издательство Рус. энцикл. товарищество
d Дата издания 2002 -
215 Физическое описание __
d Формат 17 см
702 Вторичная интеллектуальная ответственность _1
a Фамилия Люцис
b Имя (инициалы) К.
4 Код отношения 220
801 Источник записи _0
a Страна RU
b Организация RuCBSGrad
c Дата составления 20240423
g Правила каталогизации RCR
801 Источник записи _1
a Страна RU
b Организация RuCBSGrad
c Дата составления 20240423
g Правила каталогизации RCR
852 Данные о местонахождении __
a Наименование организации МБУК "ЦБС г. Димитровграда"
z Тип записи R
901 Тип документа __
t Тип документа v
909 Создатель записи __
a Создатель записи Тенигина
b Дата создания записи 20240423